000 01884cam a2200373 a 4500
001 16905081
003 ARRUPE
005 20160923105019.0
008 110805s2011 enk b 001 0 eng d
010 _a 2011283707
020 _a9780521618649
020 _a0521618649
020 _a9780521853439
020 _a0521853435
035 _a(OCoLC)ocn706853412
040 _aDE-604
_beng
_cDEBBG
_erakwb
_dDEBSZ
_dNLE
_dUAT
_dOCLCQ
_dBTCTA
_dERASA
_dYDXCP
_dCDX
_dHLS
_dUPP
_dBWX
_dEYM
_dLNT
_dDLC
042 _alccopycat
043 _ae-uk---
050 0 0 _aBV5077.G7
_bC36 2011
082 0 4 _a248.2209410902
_222
084 _aHH 4054
_2rvk
245 0 4 _aThe Cambridge companion to medieval English mysticism /
_cedited by Samuel Fanous and Vincent Gillespie.
260 _aCambridge ;
_aNew York :
_bCambridge University Press,
_c2011.
300 _axxviii, 309 p. ;
_c23 cm.
490 0 _aCambridge companions
504 _aIncludes bibliographical references (p. 265-289) and index.
505 0 _aIntroduction / Nicholas Watson -- c. 1080-1215 : culture and history / Brian Patrick McGuire -- c. 1080-1215 : texts / Henrietta Leyser -- 1215-1349 : culture and history / Alastair Minnis -- 1215-1349 : texts / Denis Renevey -- 1349-1412 : culture and history / Jeremy Catto -- 1349-1412 : texts / Roger Ellis and Samuel Fanous -- 1412-1534 : culture and history / Vincent Gillespie -- 1412-1534 : texts / Barry Windeatt -- 1534-1550s : culture and history / James P. Carley and Ann M. Hutchison -- 1534-1550s : texts / James Simpson.
650 0 _aMysticism
_zGreat Britain
_xHistory
_yMiddle Ages, 600-1500.
_925717
700 1 _aFanous, Samuel,
_d1962-
_925723
700 1 _aGillespie, Vincent,
_d1954-
_925724
906 _a7
_bcbc
_ccopycat
_d2
_encip
_f20
_gy-gencatlg
942 _2lcc
_cMONOGRAPH
999 _c125221
_d125221